Dôležité osobné prekážky v práci

Vymedzenie základných pojmov - osobné prekážky v práci, pracovné voľno a náhrada mzdy pri dôležitých osobných prekážkach.

Guardado en:
Detalles Bibliográficos
Autor principal: Mičudová, Tatiana
Formato: Capítulo de libro
Lenguaje:eslovaco
Materias:
Etiquetas: Agregar Etiqueta
Sin Etiquetas, Sea el primero en etiquetar este registro!

MARC

LEADER 00000naa a2200000 4500
001 0239751
005 20180131102445.9
041 0 |a slo 
044 |a SK 
245 1 0 |a Dôležité osobné prekážky v práci  |c Tatiana Mičudová 
520 |a Vymedzenie základných pojmov - osobné prekážky v práci, pracovné voľno a náhrada mzdy pri dôležitých osobných prekážkach. 
610 2 0 |a prekážky v práci 
610 2 0 |a voľno pracovné 
610 2 0 |a pomer pracovný 
610 2 0 |a zákonník práce 
100 1 |a Mičudová, Tatiana